Remembranzas y testimonios (Record no. 52698)

MARC details
000 -LEADER
fixed length control field 00621naa a2200217 4500
005 - DATE AND TIME OF LATEST TRANSACTION
control field 20260312081340.0
008 - FIXED-LENGTH DATA ELEMENTS--GENERAL INFORMATION
fixed length control field a s1987 mx a spa
020 ## - INTERNATIONAL STANDARD BOOK NUMBER
International Standard Book Number 9684197365
050 ## - LIBRARY OF CONGRESS CALL NUMBER
Classification number F1235
Item number A5 1987
050 ## - LIBRARY OF CONGRESS CALL NUMBER
Classification number F1235.5.A68
Item number A3 1987
100 1# - MAIN ENTRY--PERSONAL NAME
Personal name Alemán Valdés, Miguel
245 10 - TITLE STATEMENT
Title Remembranzas y testimonios
Statement of responsibility, etc / Miguel Alemán Valdés
250 ## - EDITION STATEMENT
Edition statement 1a ed.
260 ## - PUBLICATION, DISTRIBUTION, ETC. (IMPRINT)
Place of publication, distribution, etc México :
Name of publisher, distributor, etc Grijalbo,
Date of publication, distribution, etc 1987
300 ## - PHYSICAL DESCRIPTION
Extent 437 p. ;
Dimensions 22 cm.
490 0# - SERIES STATEMENT
Series statement Testimonios
504 ## - BIBLIOGRAPHY, ETC. NOTE
Bibliography, etc Incluye índice
600 14 - SUBJECT ADDED ENTRY--PERSONAL NAME
Personal name Alemán, Miguel,
Dates associated with a name 1905-1983
600 14 - SUBJECT ADDED ENTRY--PERSONAL NAME
Personal name Avila Camacho, Manuel,
Dates associated with a name 1897-1955
942 ## - ADDED ENTRY ELEMENTS (KOHA)
Source of classification or shelving scheme Biblioteca del Cogreso de los Estados Unidos
Koha item type Libro
Holdings
Estado de pérdida Fuente de clasificación Estado del daño No para préstamo Ubicación permanente Ubicación actual Apartado o colección Fecha de adquisición Edición Área del conocimiento Total Checkouts Clasificación Código de Barras Date last seen Número de copia Costo por reposición Tipo de recurso
  Biblioteca del Cogreso de los Estados Unidos     Biblioteca de la Preparatoria Melchor Ocampo Biblioteca de la Preparatoria Melchor Ocampo General 09/02/2022 1a ed. Ciencias Sociales y Administrativas   F1235 A44 1987 PMO000002371 09/02/2022 C: 1 1.00 Libro
  Biblioteca del Cogreso de los Estados Unidos     Biblioteca del Colegio de San Nicolás Biblioteca del Colegio de San Nicolás General 12/03/2026 1a ed. Ciencias Sociales y Administrativas   F1235.5.A68 A3 1987 BPCS000004598 12/03/2026 1 1.00 Libro